[Event "Greek Team Championship"]
[Site "chess24.com"]
[Date "2017.07.06"]
[Round "5"]
[White "Kalogridis, Antonios"]
[Black "Papadopoulos, Panteleimon"]
[Result "1-0"]
[Board "10"]
[WhiteElo "1492"]
[WhiteCountry "GRE"]
[WhiteFideId "25833901"]
[WhiteEloChange "6"]
[BlackElo "1355"]
[BlackCountry "GRE"]
[BlackFideId "25831143"]
[BlackEloChange "-6"]

1. d4 {[%clk 1:29:20]} d5 {[%clk 1:28:24]} 2. c4 {[%clk 1:29:34]} e6 {[%clk
1:28:11]} 3. Nc3 {[%clk 1:29:54]} Nf6 {[%clk 1:27:54]} 4. cxd5 {[%clk 1:30:10]}
exd5 {[%clk 1:27:15]} 5. Bg5 {[%clk 1:30:24]} Be7 {[%clk 1:26:23]} 6. e3 {[%clk
1:30:39]} c6 {[%clk 1:25:14]} 7. Bd3 {[%clk 1:30:42]} Nbd7 {[%clk 1:18:35]} 8.
Nge2 {[%clk 1:30:31]} O-O {[%clk 1:17:21]} 9. Qc2 {[%clk 1:30:47]} Re8 {[%clk
1:14:27]} 10. O-O-O {[%clk 1:30:58]} b5 {[%clk 1:10:30]} 11. h3 {[%clk 1:28:58]}
Qa5 {[%clk 1:06:42]} 12. Kb1 {[%clk 1:27:56]} Qb6 {[%clk 1:02:41]} 13. g4 {[%clk
1:27:43]} a5 {[%clk 1:00:24]} 14. Ng3 {[%clk 1:23:23]} b4 {[%clk 0:55:12]} 15.
Na4 {[%clk 1:23:35]} Qc7 {[%clk 0:51:26]} 16. Nf5 {[%clk 1:22:10]} Bf8 {[%clk
0:48:12]} 17. Bf4 {[%clk 1:20:58]} Qb7 {[%clk 0:46:15]} 18. Rc1 {[%clk 1:21:16]}
Re6 {[%clk 0:46:15]} 19. Nh4 {[%clk 1:19:46]} g6 {[%clk 0:42:55]} 20. Nf3 {[%clk
1:18:50]} Bd6 {[%clk 0:39:10]} 21. Ng5 {[%clk 1:16:31]} Bxf4 {[%clk 0:36:34]} 22.
Nxe6 {[%clk 1:16:49]} Bxe3 {[%clk 0:34:39]} 23. Nec5 {[%clk 1:17:02]} Nxc5 {[%clk
0:30:28]} 24. Nxc5 {[%clk 1:17:21]} Qe7 {[%clk 0:29:10]} 25. Rhe1 {[%clk
1:17:37]} Qd6 {[%clk 0:26:28]} 26. Rxe3 {[%clk 1:17:46]} Ra7 {[%clk 0:25:31]} 27.
g5 {[%clk 1:17:53]} Ne4 {[%clk 0:22:33]} 28. Nxe4 {[%clk 1:15:56]} dxe4 {[%clk
0:22:28]} 29. Rxe4 {[%clk 1:15:46]} 1-0

[Event "Greek Team Championship"]
[Site "chess24.com"]
[Date "2017.07.06"]
[Round "5"]
[White "Parligras, Mircea-Emilian"]
[Black "Balaskas, Nikolaos"]
[Result "1-0"]
[Board "1"]
[WhiteElo "2612"]
[WhiteTitle "GM"]
[WhiteCountry "ROU"]
[WhiteFideId "1204297"]
[WhiteEloChange "1"]
[BlackElo "2160"]
[BlackCountry "GRE"]
[BlackFideId "4201434"]
[BlackEloChange "-2"]

1. d4 {[%clk 1:30:56]} d5 {[%clk 1:30:52]} 2. c4 {[%clk 1:31:06]} e6 {[%clk
1:31:16]} 3. Nf3 {[%clk 1:31:30]} Nf6 {[%clk 1:31:37]} 4. Nc3 {[%clk 1:31:53]}
Be7 {[%clk 1:31:56]} 5. Bf4 {[%clk 1:32:15]} O-O {[%clk 1:32:03]} 6. a3 {[%clk
1:32:34]} b6 {[%clk 1:31:08]} 7. e3 {[%clk 1:30:54]} Bb7 {[%clk 1:29:37]} 8. cxd5
{[%clk 1:31:04]} Nxd5 {[%clk 1:29:38]} 9. Nxd5 {[%clk 1:31:28]} Bxd5 {[%clk
1:28:48]} 10. Bd3 {[%clk 1:31:16]} c5 {[%clk 1:24:45]} 11. dxc5 {[%clk 1:30:49]}
bxc5 {[%clk 1:16:38]} 12. Qc2 {[%clk 1:29:37]} h6 {[%clk 1:12:51]} 13. O-O {[%clk
1:29:30]} Nd7 {[%clk 1:07:49]} 14. Rfd1 {[%clk 1:27:30]} Qb6 {[%clk 1:05:03]} 15.
Nd2 {[%clk 1:27:36]} Rfd8 {[%clk 0:50:33]} 16. e4 {[%clk 1:25:23]} Bb7 {[%clk
0:48:01]} 17. Nc4 {[%clk 1:23:43]} Qc6 {[%clk 0:48:22]} 18. Na5 {[%clk 1:22:26]}
Qb6 {[%clk 0:43:59]} 19. Nxb7 {[%clk 1:22:10]} Qxb7 {[%clk 0:44:25]} 20. Rac1
{[%clk 1:19:15]} e5 {[%clk 0:32:00]} 21. Be3 {[%clk 1:18:06]} Rab8 {[%clk
0:31:58]} 22. Rd2 {[%clk 1:16:58]} Nb6 {[%clk 0:23:00]} 23. a4 {[%clk 1:12:02]}
Rbc8 {[%clk 0:16:56]} 24. a5 {[%clk 1:11:08]} Nd7 {[%clk 0:17:15]} 25. Bc4 {[%clk
1:10:15]} Nf6 {[%clk 0:16:42]} 26. f3 {[%clk 1:10:02]} Rb8 {[%clk 0:11:17]} 27.
b3 {[%clk 1:03:31]} Qc7 {[%clk 0:05:10]} 28. Qc3 {[%clk 1:02:29]} Rxd2 {[%clk
0:03:24]} 29. Qxd2 {[%clk 1:00:34]} Rd8 {[%clk 0:03:13]} 30. Qc3 {[%clk 1:00:12]}
Nd7 {[%clk 0:02:05]} 31. Rd1 {[%clk 0:49:58]} Nf6 {[%clk 0:01:59]} 32. Rd2 {[%clk
0:49:30]} Rxd2 {[%clk 0:02:01]} 33. Qxd2 {[%clk 0:48:35]} Kf8 {[%clk 0:01:42]}
34. Kf2 {[%clk 0:45:25]} Kg8 {[%clk 0:01:40]} 35. g4 {[%clk 0:44:15]} Bd8 {[%clk
0:01:52]} 36. a6 {[%clk 0:43:10]} Be7 {[%clk 0:01:32]} 37. h4 {[%clk 0:42:15]}
Bf8 {[%clk 0:01:12]} 38. g5 {[%clk 0:41:55]} hxg5 {[%clk 0:01:37]} 39. hxg5
{[%clk 0:42:19]} Ne8 {[%clk 0:00:44]} 40. g6 {[%clk 1:10:53]} Nd6 {[%clk
0:31:08]} 41. gxf7+ {[%clk 1:10:29]} Nxf7 {[%clk 0:31:00]} 42. Qd5 {[%clk
1:10:40]} Bd6 {[%clk 0:31:04]} 43. Ke2 {[%clk 1:10:45]} Kf8 {[%clk 0:31:13]} 44.
Qxf7+ {[%clk 1:10:55]} Qxf7 {[%clk 0:31:32]} 45. Bxf7 {[%clk 1:11:20]} Kxf7
{[%clk 0:32:00]} 46. Kd3 {[%clk 1:11:41]} Ke6 {[%clk 0:26:27]} 47. Kc4 {[%clk
1:12:05]} Kd7 {[%clk 0:23:47]} 48. Bxc5 {[%clk 1:09:47]} Kc6 {[%clk 0:23:58]} 49.
Bxa7 {[%clk 1:10:01]} 1-0

[Event "Greek Team Championship"]
[Site "chess24.com"]
[Date "2017.07.06"]
[Round "5"]
[White "Kalogridakis, Georgios"]
[Black "Galopoulos, Nikolaos"]
[Result "0-1"]
[Board "2"]
[WhiteElo "2116"]
[WhiteCountry "GRE"]
[WhiteFideId "4249666"]
[WhiteEloChange "-4"]
[BlackElo "2369"]
[BlackCountry "GRE"]
[BlackFideId "4208951"]
[BlackEloChange "4"]

1. e4 {[%clk 1:30:57]} c6 {[%clk 1:30:41]} 2. d4 {[%clk 1:30:47]} d5 {[%clk
1:30:56]} 3. Nc3 {[%clk 1:31:13]} dxe4 {[%clk 1:31:15]} 4. Nxe4 {[%clk 1:31:37]}
Bf5 {[%clk 1:31:33]} 5. Ng3 {[%clk 1:31:31]} Bg6 {[%clk 1:32:01]} 6. Nf3 {[%clk
1:30:55]} Nd7 {[%clk 1:31:01]} 7. h4 {[%clk 1:30:36]} h6 {[%clk 1:31:03]} 8. h5
{[%clk 1:31:02]} Bh7 {[%clk 1:31:27]} 9. Bd3 {[%clk 1:31:29]} Bxd3 {[%clk
1:31:45]} 10. Qxd3 {[%clk 1:31:56]} e6 {[%clk 1:32:06]} 11. Bd2 {[%clk 1:29:11]}
Ngf6 {[%clk 1:32:26]} 12. c4 {[%clk 1:19:46]} Be7 {[%clk 1:31:49]} 13. O-O-O
{[%clk 1:18:19]} b5 {[%clk 1:31:50]} 14. Kb1 {[%clk 1:03:59]} O-O {[%clk
1:32:15]} 15. Bc3 {[%clk 1:00:22]} bxc4 {[%clk 1:31:35]} 16. Qxc4 {[%clk
1:00:22]} Nb6 {[%clk 1:30:30]} 17. Qd3 {[%clk 0:59:56]} Rb8 {[%clk 1:29:19]} 18.
Ka1 {[%clk 0:57:23]} Qd5 {[%clk 1:27:43]} 19. Ne5 {[%clk 0:56:28]} Na4 {[%clk
1:21:09]} 20. f3 {[%clk 0:51:08]} Rfd8 {[%clk 1:18:50]} 21. Ne4 {[%clk 0:40:11]}
c5 {[%clk 1:18:10]} 22. Qe2 {[%clk 0:27:22]} Qb7 {[%clk 0:54:54]} 23. Qc2 {[%clk
0:07:44]} Nxc3 {[%clk 0:50:02]} 24. bxc3 {[%clk 0:07:32]} Nxe4 {[%clk 0:50:24]}
25. fxe4 {[%clk 0:07:50]} cxd4 {[%clk 0:50:44]} 26. Rxd4 {[%clk 0:04:40]} Qc7
{[%clk 0:50:46]} 27. Rxd8+ {[%clk 0:02:01]} Bxd8 {[%clk 0:50:38]} 28. Nf3 {[%clk
0:02:09]} Bf6 {[%clk 0:51:04]} 29. Rc1 {[%clk 0:02:16]} Rc8 {[%clk 0:51:18]} 30.
Kb2 {[%clk 0:02:20]} Qa5 {[%clk 0:51:46]} 31. Qb3 {[%clk 0:01:16]} Qxh5 {[%clk
0:52:01]} 32. Qb7 {[%clk 0:01:03]} Rd8 {[%clk 0:51:39]} 33. Rc2 {[%clk 0:00:37]}
Qc5 {[%clk 0:51:23]} 34. Qb3 {[%clk 0:00:35]} Rd6 {[%clk 0:51:47]} 35. Kc1 {[%clk
0:00:31]} Qe3+ {[%clk 0:51:51]} 36. Nd2 {[%clk 0:00:37]} Qe1+ {[%clk 0:52:16]}
0-1

[Event "Greek Team Championship"]
[Site "chess24.com"]
[Date "2017.07.06"]
[Round "5"]
[White "Kesidis, Odyseas"]
[Black "Seretakis, Nikolas"]
[Result "1-0"]
[Board "3"]
[WhiteElo "2202"]
[WhiteCountry "GRE"]
[WhiteFideId "4221796"]
[WhiteEloChange "7"]
[BlackElo "2095"]
[BlackCountry "GRE"]
[BlackFideId "4201493"]
[BlackEloChange "-7"]

1. e4 {[%clk 1:30:57]} Nf6 {[%clk 1:30:43]} 2. e5 {[%clk 1:31:23]} Nd5 {[%clk
1:31:07]} 3. d4 {[%clk 1:31:49]} d6 {[%clk 1:31:31]} 4. Nf3 {[%clk 1:32:15]} g6
{[%clk 1:31:53]} 5. Bc4 {[%clk 1:32:38]} Nb6 {[%clk 1:32:15]} 6. Bb3 {[%clk
1:33:06]} Bg7 {[%clk 1:32:22]} 7. Ng5 {[%clk 1:33:20]} e6 {[%clk 1:31:53]} 8. Qf3
{[%clk 1:33:36]} Qd7 {[%clk 1:30:41]} 9. Ne4 {[%clk 1:29:43]} dxe5 {[%clk
1:30:42]} 10. Nf6+ {[%clk 1:23:19]} Bxf6 {[%clk 1:31:06]} 11. Qxf6 {[%clk
1:23:47]} Rg8 {[%clk 1:31:11]} 12. dxe5 {[%clk 1:23:21]} Qd4 {[%clk 1:30:26]} 13.
O-O {[%clk 1:20:32]} N8d7 {[%clk 1:29:58]} 14. Qf3 {[%clk 1:20:03]} Nxe5 {[%clk
1:24:15]} 15. Qe2 {[%clk 1:19:23]} Nc6 {[%clk 1:05:07]} 16. Nc3 {[%clk 1:19:15]}
a6 {[%clk 1:04:02]} 17. Be3 {[%clk 1:13:50]} Qe5 {[%clk 1:03:06]} 18. Rad1 {[%clk
1:13:54]} Bd7 {[%clk 0:55:36]} 19. Qf3 {[%clk 0:57:32]} g5 {[%clk 0:42:01]} 20.
Bxb6 {[%clk 0:44:55]} cxb6 {[%clk 0:42:25]} 21. Rxd7 {[%clk 0:45:20]} Kxd7 {[%clk
0:41:42]} 22. Qxf7+ {[%clk 0:45:46]} Kd6 {[%clk 0:41:48]} 23. Rd1+ {[%clk
0:39:12]} Kc5 {[%clk 0:41:03]} 24. Qxb7 {[%clk 0:37:47]} b5 {[%clk 0:38:27]} 25.
f3 {[%clk 0:28:26]} Rgb8 {[%clk 0:21:32]} 26. Qxh7 {[%clk 0:28:15]} Rh8 {[%clk
0:15:46]} 27. Qe4 {[%clk 0:27:40]} Qxh2+ {[%clk 0:15:32]} 28. Kf2 {[%clk
0:27:37]} Qh4+ {[%clk 0:04:02]} 29. Qxh4 {[%clk 0:27:36]} gxh4 {[%clk 0:04:27]}
30. Bxe6 {[%clk 0:28:01]} Rh6 {[%clk 0:02:45]} 31. Ne4+ {[%clk 0:23:49]} Kb6
{[%clk 0:03:04]} 32. Bh3 {[%clk 0:20:57]} Ne5 {[%clk 0:01:34]} 33. f4 {[%clk
0:20:46]} Rf8 {[%clk 0:01:16]} 34. f5 {[%clk 0:20:29]} Rc6 {[%clk 0:01:32]} 35.
c3 {[%clk 0:19:54]} Rg8 {[%clk 0:00:49]} 36. Rd5 {[%clk 0:19:00]} Ng4+ {[%clk
0:00:46]} 37. Bxg4 {[%clk 0:18:07]} Rxg4 {[%clk 0:01:09]} 38. Kf3 {[%clk
0:18:33]} Rg8 {[%clk 0:00:52]} 39. f6 {[%clk 0:18:33]} Re6 {[%clk 0:00:32]} 40.
Rh5 {[%clk 0:46:32]} 1-0

[Event "Greek Team Championship"]
[Site "chess24.com"]
[Date "2017.07.06"]
[Round "5"]
[White "Vazelakis, Dimitrios"]
[Black "Vasiliadis, Anastasios"]
[Result "0-1"]
[Board "4"]
[WhiteElo "1866"]
[WhiteCountry "GRE"]
[WhiteFideId "4203674"]
[WhiteEloChange "-7"]
[BlackElo "1972"]
[BlackCountry "GRE"]
[BlackFideId "4251083"]
[BlackEloChange "7"]

1. Nf3 {[%clk 1:30:58]} c5 {[%clk 1:30:43]} 2. c3 {[%clk 1:31:23]} e6 {[%clk
1:31:03]} 3. d4 {[%clk 1:31:48]} cxd4 {[%clk 1:31:26]} 4. cxd4 {[%clk 1:32:15]}
d5 {[%clk 1:31:47]} 5. Nc3 {[%clk 1:32:10]} Nc6 {[%clk 1:31:54]} 6. Bf4 {[%clk
1:30:09]} Bd6 {[%clk 1:32:14]} 7. Bxd6 {[%clk 1:30:09]} Qxd6 {[%clk 1:32:38]} 8.
e3 {[%clk 1:30:17]} Nf6 {[%clk 1:32:05]} 9. Rc1 {[%clk 1:29:48]} a6 {[%clk
1:32:13]} 10. Bd3 {[%clk 1:29:34]} O-O {[%clk 1:32:36]} 11. O-O {[%clk 1:29:48]}
Bd7 {[%clk 1:30:14]} 12. Na4 {[%clk 1:27:48]} Nb4 {[%clk 1:29:28]} 13. Bb1 {[%clk
1:26:19]} Bb5 {[%clk 1:11:10]} 14. Re1 {[%clk 1:25:31]} Rfc8 {[%clk 1:07:00]} 15.
Nc3 {[%clk 1:23:31]} Bd7 {[%clk 1:02:21]} 16. Ne5 {[%clk 1:18:16]} Nc6 {[%clk
0:58:55]} 17. f4 {[%clk 1:10:49]} b5 {[%clk 0:57:17]} 18. g4 {[%clk 1:09:01]} Ne8
{[%clk 0:49:10]} 19. g5 {[%clk 1:01:59]} Nxe5 {[%clk 0:46:51]} 20. fxe5 {[%clk
0:58:25]} Qe7 {[%clk 0:44:46]} 21. Qf3 {[%clk 0:33:43]} b4 {[%clk 0:39:54]} 22.
Ne2 {[%clk 0:31:34]} Rxc1 {[%clk 0:32:58]} 23. Nxc1 {[%clk 0:30:03]} Qxg5+ {[%clk
0:33:22]} 24. Kh1 {[%clk 0:29:57]} Bb5 {[%clk 0:31:20]} 25. Rg1 {[%clk 0:29:52]}
Qh4 {[%clk 0:29:01]} 26. Nd3 {[%clk 0:23:23]} Bxd3 {[%clk 0:23:21]} 27. Bxd3
{[%clk 0:23:33]} a5 {[%clk 0:23:06]} 28. Rc1 {[%clk 0:19:22]} g6 {[%clk 0:21:58]}
29. Rf1 {[%clk 0:15:24]} Qe7 {[%clk 0:20:03]} 30. Qf4 {[%clk 0:14:59]} Rc8 {[%clk
0:19:50]} 31. h4 {[%clk 0:15:01]} Ng7 {[%clk 0:19:03]} 32. Rg1 {[%clk 0:11:16]}
a4 {[%clk 0:16:50]} 33. Kh2 {[%clk 0:10:21]} a3 {[%clk 0:16:55]} 34. bxa3 {[%clk
0:09:01]} bxa3 {[%clk 0:17:23]} 35. Rb1 {[%clk 0:09:17]} Nh5 {[%clk 0:16:38]} 36.
Qf2 {[%clk 0:07:03]} Rc3 {[%clk 0:14:01]} 37. Bc2 {[%clk 0:05:10]} Qc7 {[%clk
0:11:43]} 38. Bd1 {[%clk 0:02:00]} Ng7 {[%clk 0:04:16]} 39. Qd2 {[%clk 0:00:49]}
Nf5 {[%clk 0:04:01]} 40. h5 {[%clk 0:31:09]} Nxe3 {[%clk 0:31:04]} 41. hxg6
{[%clk 0:31:09]} Nf1+ {[%clk 0:31:26]} 0-1

[Event "Greek Team Championship"]
[Site "chess24.com"]
[Date "2017.07.06"]
[Round "5"]
[White "Milliet, Sophie"]
[Black "Seretaki, Konstantina"]
[Result "1-0"]
[Board "5"]
[WhiteElo "2366"]
[WhiteTitle "IM"]
[WhiteCountry "FRA"]
[WhiteFideId "623725"]
[WhiteEloChange "2"]
[BlackElo "1572"]
[BlackCountry "GRE"]
[BlackFideId "4206215"]
[BlackEloChange "-2"]

1. e4 {[%clk 1:30:57]} e6 {[%clk 1:30:55]} 2. d4 {[%clk 1:31:21]} d5 {[%clk
1:31:20]} 3. Nc3 {[%clk 1:31:24]} dxe4 {[%clk 1:31:44]} 4. Nxe4 {[%clk 1:31:50]}
Nd7 {[%clk 1:32:11]} 5. Nf3 {[%clk 1:31:56]} Ngf6 {[%clk 1:32:35]} 6. Bd3 {[%clk
1:30:46]} Nxe4 {[%clk 1:30:32]} 7. Bxe4 {[%clk 1:31:13]} Nf6 {[%clk 1:30:52]} 8.
Bg5 {[%clk 1:31:26]} Be7 {[%clk 1:30:37]} 9. Bxf6 {[%clk 1:31:26]} Bxf6 {[%clk
1:29:44]} 10. Qd3 {[%clk 1:31:06]} Rb8 {[%clk 1:20:42]} 11. O-O-O {[%clk
1:29:58]} g6 {[%clk 1:15:15]} 12. h4 {[%clk 1:26:42]} O-O {[%clk 1:10:51]} 13. h5
{[%clk 1:18:10]} Bd7 {[%clk 0:55:17]} 14. hxg6 {[%clk 1:17:50]} hxg6 {[%clk
0:55:41]} 15. Bxg6 {[%clk 1:17:04]} Bg5+ {[%clk 0:51:58]} 16. Kb1 {[%clk
1:17:30]} Qf6 {[%clk 0:48:52]} 17. Bh7+ {[%clk 1:15:56]} Kg7 {[%clk 0:47:34]} 18.
Rh5 {[%clk 1:15:42]} Bf4 {[%clk 0:38:11]} 19. g3 {[%clk 1:15:53]} Bh6 {[%clk
0:30:16]} 20. Ne5 {[%clk 1:15:50]} Bc6 {[%clk 0:28:17]} 21. f4 {[%clk 1:13:52]}
Rh8 {[%clk 0:26:08]} 22. Ng4 {[%clk 1:11:38]} Qe7 {[%clk 0:21:24]} 23. Rxh6
{[%clk 1:02:02]} f5 {[%clk 0:20:05]} 24. Qe2 {[%clk 1:00:31]} Be4 {[%clk
0:18:29]} 25. Rdh1 {[%clk 0:59:54]} Qd6 {[%clk 0:14:02]} 26. Ne5 {[%clk 0:47:01]}
Bxh1 {[%clk 0:11:30]} 27. Qh5 {[%clk 0:47:26]} Qe7 {[%clk 0:09:58]} 28. Rg6+
{[%clk 0:47:34]} Kf8 {[%clk 0:09:50]} 29. Qh6+ {[%clk 0:48:00]} 1-0

[Event "Greek Team Championship"]
[Site "chess24.com"]
[Date "2017.07.06"]
[Round "5"]
[White "Balaska, Eleni Sofia"]
[Black "Karamitani, Angela"]
[Result "0-1"]
[Board "6"]
[WhiteElo "1412"]
[WhiteCountry "GRE"]
[WhiteFideId "4255704"]
[WhiteEloChange "-13"]
[BlackElo "1317"]
[BlackCountry "GRE"]
[BlackFideId "25814419"]
[BlackEloChange "13"]

1. e4 {[%clk 1:30:57]} e5 {[%clk 1:30:55]} 2. Nf3 {[%clk 1:31:22]} Nc6 {[%clk
1:31:16]} 3. Bc4 {[%clk 1:31:41]} Bc5 {[%clk 1:31:30]} 4. c3 {[%clk 1:31:15]} Nf6
{[%clk 1:31:38]} 5. d3 {[%clk 1:31:30]} d6 {[%clk 1:31:13]} 6. Nbd2 {[%clk
1:30:38]} a6 {[%clk 1:30:42]} 7. Bb3 {[%clk 1:30:51]} h6 {[%clk 1:30:29]} 8. h3
{[%clk 1:27:47]} O-O {[%clk 1:30:07]} 9. O-O {[%clk 1:26:44]} Ba7 {[%clk
1:29:41]} 10. Re1 {[%clk 1:26:26]} Ne7 {[%clk 1:29:42]} 11. Nf1 {[%clk 1:18:48]}
Ng6 {[%clk 1:29:04]} 12. d4 {[%clk 1:04:41]} Nh7 {[%clk 1:23:32]} 13. Ng3 {[%clk
0:57:31]} Qf6 {[%clk 1:19:43]} 14. Nh5 {[%clk 0:47:55]} Qe7 {[%clk 1:15:52]} 15.
Be3 {[%clk 0:45:09]} Ng5 {[%clk 1:14:12]} 16. Nxg5 {[%clk 0:37:42]} hxg5 {[%clk
1:14:18]} 17. Qf3 {[%clk 0:25:31]} Nf4 {[%clk 1:08:40]} 18. Rad1 {[%clk 0:24:08]}
g6 {[%clk 1:06:13]} 19. Nxf4 {[%clk 0:23:42]} gxf4 {[%clk 1:06:32]} 20. Bc1
{[%clk 0:23:53]} Kg7 {[%clk 1:05:10]} 21. Bc2 {[%clk 0:20:55]} Rh8 {[%clk
1:04:48]} 22. Rd3 {[%clk 0:11:38]} f6 {[%clk 1:04:12]} 23. Qe2 {[%clk 0:07:17]}
Bd7 {[%clk 1:03:28]} 24. b3 {[%clk 0:06:29]} Rag8 {[%clk 1:03:35]} 25. c4 {[%clk
0:05:07]} Bxd4 {[%clk 1:03:38]} 26. Bxf4 {[%clk 0:04:29]} g5 {[%clk 0:58:44]} 27.
Be3 {[%clk 0:04:21]} c5 {[%clk 0:58:50]} 28. Bxd4 {[%clk 0:02:44]} cxd4 {[%clk
0:59:10]} 29. b4 {[%clk 0:01:31]} Kf8 {[%clk 0:59:14]} 30. a4 {[%clk 0:01:22]} b5
{[%clk 0:58:37]} 31. Ra3 {[%clk 0:01:00]} bxc4 {[%clk 0:57:30]} 32. Qxc4 {[%clk
0:01:09]} g4 {[%clk 0:53:38]} 33. hxg4 {[%clk 0:00:50]} Rxg4 {[%clk 0:54:02]} 34.
Qxa6 {[%clk 0:00:44]} Qh7 {[%clk 0:52:28]} 35. Qxd6+ {[%clk 0:00:56]} Ke8 {[%clk
0:52:25]} 36. Qb8+ {[%clk 0:00:39]} Ke7 {[%clk 0:52:41]} 0-1

[Event "Greek Team Championship"]
[Site "chess24.com"]
[Date "2017.07.06"]
[Round "5"]
[White "Patriki, Alexandra"]
[Black "Ntala, Konstantina"]
[Result "1-0"]
[Board "7"]
[WhiteElo "1202"]
[WhiteCountry "GRE"]
[WhiteFideId "25824490"]
[WhiteEloChange "6"]
[BlackElo "1069"]
[BlackCountry "GRE"]
[BlackFideId "25836234"]
[BlackEloChange "-6"]

1. e4 {[%clk 1:30:57]} e5 {[%clk 1:30:58]} 2. Nf3 {[%clk 1:31:16]} Nc6 {[%clk
1:31:24]} 3. Bb5 {[%clk 1:31:38]} Bc5 {[%clk 1:27:59]} 4. d3 {[%clk 1:31:11]} Nd4
{[%clk 1:27:54]} 5. Nxd4 {[%clk 1:30:26]} Bxd4 {[%clk 1:28:18]} 6. c3 {[%clk
1:29:33]} Bb6 {[%clk 1:28:44]} 7. O-O {[%clk 1:29:05]} Nf6 {[%clk 1:27:47]} 8.
Bg5 {[%clk 1:27:33]} h6 {[%clk 1:27:46]} 9. Bh4 {[%clk 1:27:34]} c6 {[%clk
1:28:11]} 10. Ba4 {[%clk 1:26:42]} O-O {[%clk 1:27:50]} 11. Kh1 {[%clk 1:21:56]}
d5 {[%clk 0:54:04]} 12. f4 {[%clk 1:20:02]} exf4 {[%clk 0:48:35]} 13. e5 {[%clk
1:17:38]} g5 {[%clk 0:48:01]} 14. exf6 {[%clk 1:14:58]} gxh4 {[%clk 0:48:25]} 15.
Rxf4 {[%clk 1:13:19]} Kh7 {[%clk 0:44:52]} 16. d4 {[%clk 1:01:14]} Rg8 {[%clk
0:24:41]} 17. Bc2+ {[%clk 0:59:58]} Kh8 {[%clk 0:24:19]} 18. Qh5 {[%clk 0:59:11]}
Qf8 {[%clk 0:24:42]} 19. Rxh4 {[%clk 0:58:58]} 1-0

[Event "Greek Team Championship"]
[Site "chess24.com"]
[Date "2017.07.06"]
[Round "5"]
[White "Kalogridakis, Theodoros"]
[Black "Hatzis-Bakratsas, Alexandros"]
[Result "0-1"]
[Board "8"]
[WhiteElo "2069"]
[WhiteCountry "GRE"]
[WhiteFideId "4249674"]
[WhiteEloChange "-13"]
[BlackElo "1951"]
[BlackCountry "GRE"]
[BlackFideId "4263375"]
[BlackEloChange "13"]

1. e4 {[%clk 1:30:57]} e5 {[%clk 1:30:55]} 2. Nf3 {[%clk 1:31:23]} Nc6 {[%clk
1:31:22]} 3. Bc4 {[%clk 1:31:48]} Bc5 {[%clk 1:31:47]} 4. d3 {[%clk 1:32:11]} d6
{[%clk 1:32:06]} 5. c3 {[%clk 1:32:32]} Nf6 {[%clk 1:32:28]} 6. O-O {[%clk
1:32:57]} a6 {[%clk 1:32:56]} 7. Bb3 {[%clk 1:33:23]} Ba7 {[%clk 1:33:14]} 8.
Nbd2 {[%clk 1:33:02]} h6 {[%clk 1:33:17]} 9. h3 {[%clk 1:32:29]} O-O {[%clk
1:33:38]} 10. Re1 {[%clk 1:32:56]} Ne7 {[%clk 1:34:03]} 11. Nf1 {[%clk 1:33:07]}
Ng6 {[%clk 1:34:25]} 12. Ng3 {[%clk 1:33:31]} Nh7 {[%clk 1:34:49]} 13. d4 {[%clk
1:33:51]} Qf6 {[%clk 1:34:48]} 14. Be3 {[%clk 1:19:43]} Ng5 {[%clk 1:34:26]} 15.
Nxg5 {[%clk 0:46:24]} hxg5 {[%clk 1:31:13]} 16. dxe5 {[%clk 0:36:26]} dxe5 {[%clk
1:30:41]} 17. Bxa7 {[%clk 0:36:52]} Rxa7 {[%clk 1:31:04]} 18. Qe2 {[%clk
0:36:51]} Nf4 {[%clk 1:31:03]} 19. Qe3 {[%clk 0:37:17]} Ra8 {[%clk 1:31:28]} 20.
Rad1 {[%clk 0:37:41]} g6 {[%clk 1:31:50]} 21. Qc5 {[%clk 0:35:39]} Kg7 {[%clk
1:30:05]} 22. Qxc7 {[%clk 0:27:23]} Bxh3 {[%clk 1:29:47]} 23. Rd6 {[%clk
0:27:49]} Be6 {[%clk 1:30:04]} 24. Bxe6 {[%clk 0:21:43]} Nxe6 {[%clk 1:30:20]}
25. Qb6 {[%clk 0:22:10]} Rac8 {[%clk 1:27:11]} 26. Red1 {[%clk 0:21:28]} g4
{[%clk 1:27:09]} 27. Qa5 {[%clk 0:16:44]} Rh8 {[%clk 1:26:13]} 28. Qd5 {[%clk
0:16:52]} Rc7 {[%clk 1:13:16]} 29. a4 {[%clk 0:16:45]} Re7 {[%clk 1:13:34]} 30.
a5 {[%clk 0:13:19]} Qg5 {[%clk 1:13:03]} 31. Rxe6 {[%clk 0:13:28]} fxe6 {[%clk
1:13:22]} 32. Qd6 {[%clk 0:13:30]} Qf6 {[%clk 1:10:55]} 33. c4 {[%clk 0:12:11]}
Rf7 {[%clk 1:11:07]} 34. Rf1 {[%clk 0:12:37]} Rd8 {[%clk 1:11:28]} 35. Qb6 {[%clk
0:12:52]} Rd3 {[%clk 1:11:51]} 36. Re1 {[%clk 0:12:59]} Rd4 {[%clk 1:12:04]} 37.
Rf1 {[%clk 0:12:45]} Rxc4 {[%clk 1:12:12]} 38. Qe3 {[%clk 0:13:13]} Qf4 {[%clk
1:11:37]} 39. Qb3 {[%clk 0:13:24]} Rc1 {[%clk 1:11:27]} 40. Qb6 {[%clk 0:43:15]}
Rxf1+ {[%clk 1:39:09]} 41. Nxf1 {[%clk 0:43:28]} Qxe4 {[%clk 1:39:34]} 42. Qxe6
{[%clk 0:38:04]} Qd4 {[%clk 1:39:58]} 43. Ng3 {[%clk 0:38:17]} Qxf2+ {[%clk
1:40:12]} 44. Kh2 {[%clk 0:38:44]} Qf4 {[%clk 1:40:25]} 45. b4 {[%clk 0:38:48]}
Rc7 {[%clk 1:40:13]} 46. Qd6 {[%clk 0:38:23]} Qh6+ {[%clk 1:40:35]} 47. Kg1
{[%clk 0:38:06]} Rc1+ {[%clk 1:41:00]} 48. Kf2 {[%clk 0:38:31]} Qf4+ {[%clk
1:41:16]} 49. Ke2 {[%clk 0:38:54]} Rc2+ {[%clk 1:41:41]} 50. Kd1 {[%clk 0:39:19]}
Qc1# {[%clk 1:41:24]} 0-1